Statistics for Military Rifle

Click here to take the quiz!

General Stats

  • This quiz has been taken 446 times
  • The average score is 3 of 10

Answer Stats

HintAnswer% Correct
U.S Rifle used in VeitnamM16
97%
Standard American RifleM4
79%
UK Special Forces sub-machine gunMp5
56%
UK sniper rifleL96
22%
U.S Marines Sniper RifleM24
18%
Light Machine Gun version of SA80L86 A2
8%
Standard British RifleSA80 A2
8%
British Weapon used in Falklands and Northern IslandSLR
8%
British Sharpshooter RifleL129A1
4%
British Special Forces rifleC8 Carbine
2%

Score Distribution

Percentile by Number Answered

Percent of People with Each Score

Your Score History

You have not taken this quiz